00262nam a2200097Ia 4500001000800000005001700008008004100025020001800066245006000084260002000144127027120260417151346.0260417s9999 xx 000 0 und d a9789752108868 0aSihirli Okul Otobüsü: Uzay KaşiflericJoanna Cole bAltın Kitaplar